A distributed dynamic watershed model /

Bibliographic Details
Main Author: Kim, Keu Whan, 1941-
Other Authors: Basco, David R. (degree committee member.), Huebner, George L. (degree committee member.), Williams, Jimmy R. (degree committee member.), Wurbs, Ralph A. (degree committee member.)
Format: Thesis Book
Language:English
Published: 1986.
Subjects:
Online Access:Link to ProQuest copy
Link to OAKTrust copy
ProQuest, Abstract

MARC

Tag First Indicator Second Indicator Subfields
LEADER 00000ctm a2200000Ia 4500
001 in00000011411
005 20220104090756.0
008 880421s1986 xx a bm 000 0 eng d
035 |9 AAA6092AM 
035 |a (OCoLC)17830250 
035 |a (OCoLC)ocm17830250 
040 |a TXA  |b eng  |c TXA  |d OCLCQ  |d USACE  |d OCLCQ  |d UMI  |d OCLCO  |d TXA 
049 |a TXAM 
050 1 4 |a TC409  |b .K49 1986 
099 |a 1986  |a Disser-  |a tation  |a K495 
100 1 |a Kim, Keu Whan,  |d 1941- 
245 1 2 |a A distributed dynamic watershed model / 
264 1 |c 1986. 
300 |a xii, 132 leaves :  |b illustrations ;  |c 29 cm 
336 |a text  |b txt  |2 rdacontent 
337 |a unmediated  |b n  |2 rdamedia 
338 |a volume  |b nc  |2 rdacarrier 
500 |a "Major subject: Civil Engineering." 
500 |a Typescript (photocopy). 
500 |a Vita. 
502 |b Ph. D.  |c Texas A & M University  |d 1986 
504 |a Includes bibliographical references (leaves 125-131). 
520 3 |a A distributed watershed model was developed to mathematically simulate routing overland and channel flow for a single-event storm. The watersheds used in the study were subdivided into rectangular grid elements. All hydrologically significant parameters such as land slope, rainfall and precipitation excess were assumed to be uniform within each element. Soil property and land use were the major factors in defining a hydrologic response unit. The Green-Ampt method was adopted to generate precipitation excess for each element during the simulation period. A two-dimensional diffusion wave model was used for overland flow routing, and an iterative Alternative Direction Implicit scheme was adopted to solve the simultaneous equations. Once the overland flow became inflow to the channel, one-dimensional dynamic wave flood routing technique, based on a four-point, implicit, non-linear finite difference solution of the St. Venant equation of unsteady flow, was applied. Limited number of comparisons were made between simulated and observed hydrographs for areas of about one square mile. Given the appropriate parameters, the model accurately simulated runoff for a single-event storm. 
650 0 |a Hydrology  |x Research  |x Mathematical models. 
650 0 |a Runoff. 
650 0 |a Watersheds  |x Research  |x Mathematical models. 
650 4 |a Major civil engineering. 
655 7 |a Academic theses  |2 lcgft 
700 1 |a Basco, David R.,  |e degree committee member. 
700 1 |a Huebner, George L.,  |e degree committee member. 
700 1 |a James, Wesley P.,  |e degree supervisor. 
700 1 |a Williams, Jimmy R.,  |e degree committee member. 
700 1 |a Wurbs, Ralph A.,  |e degree committee member. 
710 2 |a Texas A & M University,  |e degree granting institution. 
856 4 1 |u http://proxy.library.tamu.edu/login?url=http://proquest.umi.com/pqdweb?did=749104371&sid=1&Fmt=2&clientId=2945&RQT=309&VName=PQD  |z Link to ProQuest copy  |t 0 
856 4 1 |u https://hdl.handle.net/1969.1/DISSERTATIONS-19858  |z Link to OAKTrust copy  |t 0 
856 4 2 |3 ProQuest, Abstract  |u http://gateway.proquest.com/openurl?url_ver=Z39.88-2004&rft_val_fmt=info:ofi/fmt:kev:mtx:dissertation&res_dat=xri:pqm&rft_dat=xri:pqdiss:8625406  |t 0 
994 |a C0  |b TXA 
999 f f |s 07016aa7-3909-3fdb-8cf1-c6920bd57990  |i 108e301a-6d95-3822-9b94-839938b3b795  |t 0 
952 f f |p noncirc  |a Texas A&M University  |b J.J. Pickle Campus  |c High Density Repository  |s HDR  |d Remote Storage  |t 0  |e 1986 Dissertation K495  |h Other scheme  |i unmediated -- volume  |m A14839615017 
952 f f |a Texas A&M University  |b College Station  |c Electronic Resources  |s www_evans  |d Available Online  |t 0  |e 1986 Dissertation K495  |h Other scheme 
998 f f |a 1986 Dissertation K495  |t 0  |l Available Online 
998 f f |a 1986 Dissertation K495  |t 0  |l Remote Storage